Countries by Tallest Residential Building - Statistics

General Stats
  • This quiz has been taken 46 times
  • The average score is 7 of 10
Answer Stats
Building Height (metres) Country % Correct
Central Park Tower 472.4 United States
97%
Marina 101 425 United Arab Emirates
92%
Aura 272 Canada
87%
Neva Towers 2 345 Russia
87%
Q1 322.5 Australia
77%
Palais Royale 320 India
77%
Haeundae LCT The Sharp Tower A 339.1 South Korea
77%
The Astaka Tower A 279 Malaysia
59%
Burj Rafal 307.9 Saudi Arabia
59%
Vitri Tower 280.7 Panama
18%
No matching quizzes found
Score Distribution
Percent of People with Each Score
Percentile by Number Answered
Your Score History
You have not taken this quiz